000 00411nam a2200145Ia 4500
005 20251222141826.0
008 251222s9999||||xx |||||||||||||| ||spa||
020 _a9786124088513
082 _a726.509.852/S21
100 _aSan Cristóbal Sebastián, Antonio
245 0 _aArquitectura Virreinal de la Iglesia y Convento de Santo Domingo
250 _a1ra. ed.
264 _bFondo Editorial-USMP
942 _cLIB
999 _c6955
_d6955